You are here: a portable history of the universe (Record no. 37209)

MARC details
000 -LEADER
fixed length control field 00522nam a2200181Ia 4500
020 ## - INTERNATIONAL STANDARD BOOK NUMBER
ISBN 9780061137860
050 ## - CALL MARK
Classification number PZ 7.C 8683 .P68/
100 ## - STATEMENT OF RESPONSIBILITY--MAIN AUTHOR NAME
Personal name Potter, Christopher.
245 #0 - TITLE STATEMENT
Title You are here: a portable history of the universe
260 ## - PUBLICATION, DISTRIBUTION, ETC. (IMPRINT)
Place of publication New york
260 ## - PUBLICATION, DISTRIBUTION, ETC. (IMPRINT)
Name of publisher Greenwillow Books
260 ## - PUBLICATION, DISTRIBUTION, ETC. (IMPRINT)
Year of publication 1998
300 ## - PHYSICAL DESCRIPTION
Number of Pages 294 p
650 ## - SUBJECT ADDED ENTRY--TOPICAL TERM
Topical Term Imagination--Fiction. Voyages and travels--Fiction. African Americans--Fiction.
942 ## - ADDED ENTRY ELEMENTS (KOHA)
Koha item type Books
Holdings
Withdrawn status Lost status Source of classification or shelving scheme Damaged status Not for loan Permanent Location Current Location Date acquired Accession Number Price effective from Koha item type
    Library of Congress Classification     NILE UNIVERSITY OF NIGERIA - MAIN LIBRARY NILE UNIVERSITY OF NIGERIA - MAIN LIBRARY 04/23/2025 0190992 04/23/2025 Books